| 000 | | | 03663nmc2a2200000 x 450 |
| 001 | | | 342d21ce-ca9b-43e0-8aa2-1feaa0a99ae6 |
| 005 | | | 20171110174049.0 |
| 100 | ## | $a | 20140827l19081908k l0rusy0189 ca |
| 101 | 0# | $a | rus |
| 102 | ## | $a | RU |
| 200 | 1# | $a | Дело о погребении в Александро-Невской лавре разных особ |
| | $j | октябрь 1908 г. |
| | $h | Часть 10 |
| 251 | ## | $c | Дело |
| 300 | ## | $a | Дело |
| 801 | #0 | $a | RU |
| | $b | РГИА |
| | $c | 20140827 |
| | $g | RCR |
| 801 | #1 | $a | RU |
| | $b | ГлавНИВЦ |
| | $c | 20140827 |
| | $2 | rusmarc |
| 801 | #2 | $a | RU |
| | $b | ПБ им. Б.Н. Ельцина |
| | $c | 20171110 |
| | $g | RCR |
| | $2 | rusmarc |
| 850 | ## | $a | РГИА |
| 852 | ## | $a | РГИА |
| | $e | Федеральное казенное учреждение "Российский государственный исторический архив" (РГИА) |
| | $j | 41 |
| | $l | к |
| 937 | ## | $h | РГИА |
| | $d | 12099161 |
| | $a | ASBIBLIO_SCAN |
| 462 | #0 | $1 | 001a2893c57-f1d1-49fc-a251-270377f8e28d |
| | $1 | 2001 |
| | $a | 1898-1919 гг. Дела Александро-Невской лавры за 1908 г. |
| | $1 | 251 |
| | $c | Опись |
| | $1 | 852 |
| | $j | 11 |
| 461 | #0 | $1 | 001797db5dd-11cb-45cb-8b15-b71eb4796399 |
| | $1 | 2001 |
| | $a | Александро-Невская лавра |
| | $1 | 251 |
| | $c | Фонд |
| | $1 | 852 |
| | $j | 815 |
| 215 | ## | $a | 158 л. |
| | $d | 36,5х26 см |
| 371 | ## | $a | Документ не является опубликованным и широко распространяемым |
| 105 | ## | $a | y### |
| 122 | 2# | $a | d |
| 035 | ## | $a | 342d21ce-ca9b-43e0-8aa2-1feaa0a99ae6 |
| 856 | ## | $u | http://readingroom.main.prlib.ru/item.aspx?id_node=n108847146&mode=full |